Municipalities of Bataan Philippines - Statistics

General Stats
  • This quiz has been taken 5 times
  • The average score is 9 of 12
Answer Stats
Municipalities % Correct
Morong
100%
Abucay
80%
Bagac
80%
Dinalupihan
80%
Hermosa
80%
Mariveles
80%
Orani
80%
Pilar
80%
Samal
80%
Limay
60%
Orion
60%
Balanga (Balanga City)
20%
No matching quizzes found
Score Distribution
Percent of People with Each Score
Percentile by Number Answered
Your Score History
You have not taken this quiz